| 000 | 00413cam a2200169 4500 | ||
|---|---|---|---|
| 001 | D1708 | ||
| 008 | 090401t xxu||||| |||| 00| 0 eng d | ||
| 035 | _a(Sirsi) u65382 | ||
| 041 | _aeng | ||
| 050 | _a333.33 | ||
| 245 | 4 | _aThe British Estate Agents Survey 1983 | |
| 260 |
_aRichmond _bUrban Publishing |
||
| 350 | _a0 | ||
| 520 | _aPublished Yearly; Acc no. R230364 - 1983 | ||
| 942 | _n0 | ||
| 948 | _c04/03/1997 | ||
| 999 |
_c94758 _d94758 |
||